Score 0/21 Timer 05:00
1 Play Today
Mixed Battle/Offensive Battle/Offensive % Correct
LUGEBBULGE
91.9%
WOI MJAIIWO JIMA
86.7%
KPRO HOPC LIHLPORK CHOP HILL
75.5%
OLSHIHSHILOH
70%
TORF TRUMESFORT SUMTER
67.3%
ETT FIVESNEFOTET OFFENSIVE
64.7%
BUGGYSTRETGETTYSBURG
61.7%
HIWET SHOREWHITE HORSE
58%
DOLOBY DRIGEBLOODY RIDGE
56.8%
GRUBRAMEH LIHLHAMBURGER HILL
55.2%
WYDAMIMIDWAY
53.3%
Mixed Battle/Offensive Battle/Offensive % Correct
BURCKGIVSVICKSBURG
46.4%
ANABATBATAAN
46.2%
CLUANGADALAGUADALCANAL
44.8%
ARCLO ASECORAL SEA
34.3%
SPRYEYPRES
33.2%
KNOMEG LATEDMEKONG DELTA
33.1%
NAMERMARNE
16.2%
SIMANEAMIENS
3.6%
BRATELALBERT
2.7%
CHOMINAS VERRISAMICHON RIVER
1.2%

You're not logged in!

Compare scores with friends on all Sporcle quizzes.
OR
Log In

Sporcle TV

Today on Sporcle TV


Watch our educational content, quiz creation guides, and fun videos on Sporcle TV.

Show Comments

Extras

Top Quizzes Today


Score Distribution

Your Account Isn't Verified!

In order to create a playlist on Sporcle, you need to verify the email address you used during registration. Go to your Sporcle Settings to finish the process.

Report this User

Report this user for behavior that violates our Community Guidelines.

Details: